Central Library OPAC University of Rajshahi

Photographic optics : (Record no. 16686)

MARC details
000 -LEADER
fixed length control field 01010cam a22003132 4500
001 - CONTROL NUMBER
control field 16686
003 - CONTROL NUMBER IDENTIFIER
rucl marc code BD-RjUL
005 - DATE AND TIME OF LATEST TRANSACTION
control field 20211209000035.0
008 - FIXED-LENGTH DATA ELEMENTS--GENERAL INFORMATION
fixed length control field 140215s1966 enkaf b 001 0 eng
020 ## - INTERNATIONAL STANDARD BOOK NUMBER
International Standard Book Number 0240508440
035 ## - SYSTEM CONTROL NUMBER
System control number (BD-RjUL)16741
040 ## - CATALOGING SOURCE
Original cataloging agency DLC
Transcribing agency DLC
Modifying agency BD-RjUL
Language of cataloging eng
041 ## - LANGUAGE CODE
Language code of text/sound track or separate title eng
082 00 - DEWEY DECIMAL CLASSIFICATION NUMBER
Classification number 771.35
Author mark and year COP 1966
100 1# - MAIN ENTRY--PERSONAL NAME
Personal name Cox, Arthur.
9 (RLIN) 51543
245 10 - TITLE STATEMENT
Title Photographic optics :
Remainder of title a modern approach to the technique of definition /
Statement of responsibility, etc. Arthur Cox.
250 ## - EDITION STATEMENT
Edition statement 15th revised ed.
260 ## - PUBLICATION, DISTRIBUTION, ETC. (IMPRINT)
Place of publication, distribution, etc. London ;
-- New York :
Name of publisher, distributor, etc. Focal Press,
Date of publication, distribution, etc. 1966.
300 ## - PHYSICAL DESCRIPTION
Pagination 594 p., leaf of plate :
Illustrations ill. (some col.) ;
Size 22 cm.
490 0# - SERIES STATEMENT
Series statement The Manuals of photo-technique
500 ## - GENERAL NOTE
General note First published in 1943 under title: Optics, the technique of definition.
General note Includes index.
504 ## - BIBLIOGRAPHY, ETC. NOTE
Bibliography, etc Bibliography: p. 577-579.
650 #0 - SUBJECT ADDED ENTRY--TOPICAL TERM
Topical term or geographic name as entry element Photographic optics.
9 (RLIN) 51544
Topical term or geographic name as entry element Photographic lenses.
9 (RLIN) 51545
942 ## - ADDED ENTRY ELEMENTS (KOHA)
Source of classification or shelving scheme Dewey Decimal Classification
Koha item type Books
Holdings
Lost status Source of classification or shelving scheme Damaged status Not for loan Collection code Permanent Location Current Location Shelving location Date acquired Source of acquisition Total Checkouts Full call number Date last seen Copy number Koha item type
  Dewey Decimal Classification   Not For Loan Non-fiction Central Library, University of Rajshahi Central Library, University of Rajshahi Reading Room 01/09/1974 W.U.S Gift   771.35 COP 1966 15/02/2014 C-1 Books